000
00237nam a2200097Ia 4500
001
671529
005
20250826160827.0
008
250824s9999 xx 000 0 und d
245
0
_a
BİN MUHTEŞEM GÜNEL
_c
KHALED HOSSEINI
260
_b
EVEREST
999
_c
671529
_d
671529